000 00599nam a22002177a 4500
003 UA-OsUOA
001 64448
007 ta
008 20091104b un ||||| |||| 00| 0 ukr d
090 _a94(477.43)
_bХ65
942 _cBK
040 _aUA-OsUOA
_bukr
_cUA-OsUOA
_dUA-OsUOA
245 _aХмельницькому - 500
_cС. К. Гуменюк
300 _a167 с.
955 _a1
041 _aukr
080 _a94(477.43)
260 _aХмельницький
_bХмельницький редакційно-видавничий відділ
_c1991
650 7 _2UDC
999 _c350596
_d350596